[Event "HUN-chT2 Toth 1213"]
[Site "Hungary"]
[Date "2013.02.17"]
[Round "7.9"]
[White "Gomori, Mihaly"]
[Black "Beke, Tamas"]
[Result "1-0"]
[WhiteElo "1966"]
[BlackElo "1853"]
[PlyCount "35"]
[EventDate "2012.09.16"]
[EventType "team-tourn"]
[EventRounds "11"]
[EventCountry "HUN"]
[SourceTitle "EXT 2014"]
[Source "ChessBase"]
[SourceDate "2013.11.20"]
[SourceVersion "1"]
[SourceVersionDate "2013.11.20"]
[SourceQuality "1"]
[WhiteTeam "Takisz"]
[BlackTeam "Gyula"]
[WhiteTeamCountry "HUN"]
[BlackTeamCountry "HUN"]

1. e4 Nc6 2. Nf3 e5 3. d4 exd4 4. Nxd4 Bc5 5. Be3 Qf6 6. c3 Bb6 7. Na3 Nge7 8. Nc4 d6 9. Nxb6 axb6 10. Nb5 0-0 11. Nxc7 Rb8 12. Bxb6 Ne5 13. h3 Bd7 14. Qd2 Qg6 15. f3 d5 16. Ba7 dxe4 17. Bxb8 Rxb8 18. 0-0-0 1-0

[Event "HUN-chT2 Toth 1112"]
[Site "Hungary"]
[Date "2012.01.29"]
[Round "5.11"]
[White "Retkes, Peter"]
[Black "Beke, Tamas"]
[Result "1-0"]
[WhiteElo "1639"]
[BlackElo "1847"]
[PlyCount "121"]
[EventDate "2011.09.25"]
[EventType "team-tourn"]
[EventRounds "11"]
[EventCountry "HUN"]
[SourceTitle "EXT 2013"]
[Source "ChessBase"]
[SourceDate "2012.11.22"]
[SourceVersion "1"]
[SourceVersionDate "2012.11.22"]
[SourceQuality "1"]
[WhiteTeam "Roszke II"]
[BlackTeam "Gyula"]
[WhiteTeamCountry "HUN"]
[BlackTeamCountry "HUN"]

1. e4 Nc6 2. d4 e5 3. dxe5 Nxe5 4. f4 Ng6 5. Be3 Bb4+ 6. c3 Ba5 7. Nd2 d6 8. Bd3 Nf6 9. h3 c6 10. Ngf3 Bb6 11. Qe2 Bd7 12. g4 Qc7 13. Nc4 0-0-0 14. Nxb6+ axb6 15. a4 Rde8 16. Nd2 c5 17. g5 Nxe4 18. Bxe4 Bc6 19. Bf5+ Kb8 20. 0-0 Nh4 21. Bg4 Ng2 22. Nc4 Qe7 23. Rae1 Nxe1 24. Rxe1 Qe4 25. Kh2 Kc7 26. b3 f6 27. Nd2 Qe7 28. Nf3 d5 29. Qf2 h6 30. gxh6 Rxh6 31. f5 Qd6+ 32. Kg2 Rhh8 33. Nd4 Qd7 34. Bf4+ Kc8 35. Ne6 d4+ 36. Kh2 Bd5 37. cxd4 Bxe6 38. fxe6 Qxd4 39. Qxd4 cxd4 40. Rc1+ Kd8 41. Rd1 Ke7 42. Rxd4 Rd8 43. Rd7+ Rxd7 44. exd7 Kd8 45. Be3 Kc7 46. a5 bxa5 47. Bc5 b5 48. Be7 a4 49. d8Q+ Rxd8 50. Bxd8+ Kxd8 51. bxa4 bxa4 52. Be6 Ke7 53. Ba2 Kd6 54. h4 Ke5 55. Kg3 g6 56. Kg4 f5+ 57. Kg5 f4 58. Kxg6 f3 59. h5 f2 60. Bc4 Ke4 61. Ba6 1-0

[Event "HUN-chT2 Toth 1011"]
[Site "Hungary"]
[Date "2010.11.07"]
[Round "5.11"]
[White "Beke, Tamas"]
[Black "Botta, Tibor Jr"]
[Result "1-0"]
[WhiteElo "1780"]
[BlackElo "1690"]
[PlyCount "109"]
[EventDate "2010.09.12"]
[EventType "team-tourn"]
[EventRounds "11"]
[EventCountry "HUN"]
[SourceTitle "EXT 2012"]
[Source "ChessBase"]
[SourceDate "2011.11.24"]
[SourceVersion "1"]
[SourceVersionDate "2011.11.24"]
[SourceQuality "1"]
[WhiteTeam "Gyula"]
[BlackTeam "Takisz"]
[WhiteTeamCountry "HUN"]
[BlackTeamCountry "HUN"]

1. e4 e5 2. Nf3 Nc6 3. d4 exd4 4. Bc4 Bc5 5. Ng5 Ne5 6. Nxf7 Nxf7 7. Bxf7+ Kxf7 8. Qh5+ g6 9. Qxc5 Qf6 10. 0-0 Qd6 11. Qxd6 cxd6 12. Bf4 Ke6 13. Re1 Ne7 14. Nd2 b6 15. Nc4 d5 16. exd5+ Kxd5 17. Nxb6+ axb6 18. Rxe7 h6 19. h4 b5 20. Bd2 Ra6 21. Ree1 Re6 22. c3 d3 23. Re3 Rxe3 24. Bxe3 d6 25. f3 Re8 26. Re1 h5 27. Bd2 Rxe1+ 28. Bxe1 Bf5 29. Kf2 Ke5 30. Ke3 Kd5 31. b3 Ke5 32. c4 bxc4 33. bxc4 d5 34. Bg3+ Ke6 35. c5 Kd7 36. Bf4 Kc6 37. Kd4 Bc8 38. a4 Ba6 39. Bd2 Bc4 40. Bb4 Kd7 41. Ke5 Kc6 42. Kf6 d2 43. Bxd2 Bd3 44. Bb4 Kd7 45. g4 hxg4 46. fxg4 Be2 47. a5 Bd3 48. h5 gxh5 49. gxh5 Kc6 50. h6 Kb5 51. Ke5 Be4 52. Kd6 d4 53. Bd2 d3 54. Be1 Bf5 55. c6 1-0